000 00862nam a22002297 4500
999 _c1049
_d1049
003 AR-BaISA
005 20230925190655.0
007 ta
008 220822s2003 ag ad||| |||| 000 0 spa d
020 _a9505311915
040 _bspa
_cAR-BaISA
082 0 4 _222
_a790.192 2 In2d
100 1 _92449
_aIncarbone, Oscar
245 1 0 _aDel juego a la iniciación deportiva /
_cOscar Incarbone
260 _aBuenos Aires:
_bStadium,
_c2003
300 _a317 p.:
_bil., gráfs.
504 _aBibliografía p.: 313-314.
505 _tEl niño, la actitud física y la motricidad en la etapa de 6 a 14 años --
_tMovimiento y juego --
_tIniciación deportiva, juego y deporte --
_tFormas de intervención pedagógica y el juego --
_tPropuestas concretas de aprendizaje lúdico
650 1 0 _9587
_aRecreación
650 1 0 _92450
_aDeportes juveniles
942 _2ddc
_cLI
_e22